000 00467nam a2200181Ia 4500
003 GCL
008 140319s9999 xx 000 0 ara d
040 _aGCL /
_cGCL
082 0 4 _a210.4
_bا ع
100 1 _aايمان الازهرى
245 1 0 _aعزيزى خليفة الله /
_cايمان الازهرى
300 _a230
490 _aكتاب
_v0
650 0 4 _aالاسلام
650 0 4 _aمقالات
650 0 4 _aالمجموعات
942 _2ddc
_cBK
999 _c42572
_d42572